000 00318nam a22001337a 4500
008 181015b xxu||||| |||| 00| 0 eng d
020 _a0882952099
041 _aeng
080 _a316
100 _a50
101 _aSOC
245 _aMinority-Dominant Relations a Sociological Analysis
_cDavis,F.J
942 _2udc
_cBK
999 _c49713
_d49713